000 00798aam a2200301 i 4500
001 768714001
003 CO-MdFUSB
005 20250901125645.0
007 ta
008 250901t1973 sp |||| |||| 00| 0 spa d
020 _a84-7228-090
_q-X
040 _cCO-MdFUSB
041 0 _aspa
082 0 4 _223
_a249
_bZ864o
100 1 _aZoller, Juan
_eautor
245 1 3 _aLa oración
_c/ Juan E. Zoller ; traducido por Xavier Vila
264 1 _bClie,
_aTerrassa, Barcelona, España :
_c[1973]
264 4 _c©1973
300 _a88 páginas
336 _atexto
_btxt
_2rdacontent
337 _2rdamedia
_asin mediación
_bn
338 _2rdacarrier
_avolumen
_bnc
563 _aRústico
650 7 _aOración
_986
700 _aVila, Xavier.
_92156
_etraductor
942 _cBK
945 _aJTF-925
999 _c36301
_d36301